000 00479nam a22001817a 4500
003 SISC
005 20160307142027.0
008 130903t xxu||||| |||| 00| 0 eng d
020 _a088301775x
050 _aPN 1998.A3
_b.W231 1984
082 _aHS 920
_bW17 1984
245 _aWalt disney /
260 _aWest Haven, Connecticut :
_bAcademic Industries,
_cc1984.
300 _a53 p. :
_bill. ;
_c17 cm.
650 _aBiography
_912111
942 _2lcc
_cBK
999 _c10265
_d10265